000
00282 a2200097 4500
090
_c
3595
_d
3595
100
_a
Natasha knight
245
_a
Esam Cram Windows 2000 Server Microsoft Certified Systems Engineer
260
_a
Dreamtech Press
_b
New Delhi
_c
2000
942
_a
NBS
_c
BK
_k
005.1 KNI
999
_c
346066
_d
346066